000 00261nam a22001097a 4500
008 160504b xxu||||| |||| 00| 0 eng d
020 _a080163850
041 _aeng
080 _a618.2
245 _aMedical surgical nursing:
_cC.V.Mosby Company;
942 _2udc
_cBK
999 _c1791
_d1791